000
00312nam a2200157Ia 4500
100
_a
Larsen/Kristine
650
_a
Biography
942
_c
BK
366
_f
25
654
_a
biography
245
_a
Stephen Hawking:Biography
260
_b
Jaico
_c
2017
082
_b
LAR
300
_a
165
546
_a
ENGLISH
999
_c
29248
_d
29248